<?xml version="1.0" encoding="UTF-8"?>
<record
    xmlns:xsi="http://www.w3.org/2001/XMLSchema-instance"
    xsi:schemaLocation="http://www.loc.gov/MARC21/slim http://www.loc.gov/standards/marcxml/schema/MARC21slim.xsd"
    xmlns="http://www.loc.gov/MARC21/slim">

  <leader>00551nam a2200181   4500</leader>
  <controlfield tag="003">SEACOMEC</controlfield>
  <controlfield tag="005">20240824121643.0</controlfield>
  <controlfield tag="008">240824b        |||||||| |||| 00| 0 eng d</controlfield>
  <datafield tag="020" ind1=" " ind2=" ">
    <subfield code="a">978-0596004842</subfield>
    <subfield code="c">375.00</subfield>
  </datafield>
  <datafield tag="040" ind1=" " ind2=" ">
    <subfield code="a">SEACOMEC</subfield>
  </datafield>
  <datafield tag="082" ind1=" " ind2=" ">
    <subfield code="a">006.7</subfield>
    <subfield code="b">N666</subfield>
  </datafield>
  <datafield tag="100" ind1=" " ind2=" ">
    <subfield code="a">Niederst,  Jennifer </subfield>
  </datafield>
  <datafield tag="245" ind1=" " ind2=" ">
    <subfield code="a">Learning web design a beginner's guide to HTML, graphics, and beyond/ </subfield>
    <subfield code="c"> Jennifer Niederst</subfield>
  </datafield>
  <datafield tag="250" ind1=" " ind2=" ">
    <subfield code="a">2nd ed.</subfield>
  </datafield>
  <datafield tag="260" ind1=" " ind2=" ">
    <subfield code="a">Mumbai </subfield>
    <subfield code="b">Shroff Publishers </subfield>
    <subfield code="c">2006</subfield>
  </datafield>
  <datafield tag="650" ind1=" " ind2=" ">
    <subfield code="a">Web sites -- Handbooks, manuals, etc. -- Design</subfield>
  </datafield>
  <datafield tag="942" ind1=" " ind2=" ">
    <subfield code="c">BOOK</subfield>
  </datafield>
  <datafield tag="952" ind1=" " ind2=" ">
    <subfield code="0">0</subfield>
    <subfield code="1">0</subfield>
    <subfield code="2">ddc</subfield>
    <subfield code="4">0</subfield>
    <subfield code="7">0</subfield>
    <subfield code="a">SEACOMEC</subfield>
    <subfield code="b">SEACOMEC</subfield>
    <subfield code="d">2007-06-06</subfield>
    <subfield code="l">0</subfield>
    <subfield code="o">006.7 N666</subfield>
    <subfield code="p">6895</subfield>
    <subfield code="r">2024-08-24 12:17:11</subfield>
    <subfield code="w">2024-08-24</subfield>
    <subfield code="y">REF</subfield>
  </datafield>
  <datafield tag="952" ind1=" " ind2=" ">
    <subfield code="0">0</subfield>
    <subfield code="1">0</subfield>
    <subfield code="2">ddc</subfield>
    <subfield code="4">0</subfield>
    <subfield code="7">0</subfield>
    <subfield code="a">SEACOMEC</subfield>
    <subfield code="b">SEACOMEC</subfield>
    <subfield code="d">2007-06-06</subfield>
    <subfield code="l">0</subfield>
    <subfield code="o">006.7 N666</subfield>
    <subfield code="p">6896</subfield>
    <subfield code="r">2024-08-24 12:18:40</subfield>
    <subfield code="t">1</subfield>
    <subfield code="w">2024-08-24</subfield>
    <subfield code="y">BOOK</subfield>
  </datafield>
  <datafield tag="952" ind1=" " ind2=" ">
    <subfield code="0">0</subfield>
    <subfield code="1">0</subfield>
    <subfield code="2">ddc</subfield>
    <subfield code="4">0</subfield>
    <subfield code="7">0</subfield>
    <subfield code="a">SEACOMEC</subfield>
    <subfield code="b">SEACOMEC</subfield>
    <subfield code="d">2007-06-06</subfield>
    <subfield code="l">0</subfield>
    <subfield code="o">006.7 N666</subfield>
    <subfield code="p">6897</subfield>
    <subfield code="r">2024-08-24 12:18:40</subfield>
    <subfield code="t">2</subfield>
    <subfield code="w">2024-08-24</subfield>
    <subfield code="y">BOOK</subfield>
  </datafield>
  <datafield tag="952" ind1=" " ind2=" ">
    <subfield code="0">0</subfield>
    <subfield code="1">0</subfield>
    <subfield code="2">ddc</subfield>
    <subfield code="4">0</subfield>
    <subfield code="7">0</subfield>
    <subfield code="a">SEACOMEC</subfield>
    <subfield code="b">SEACOMEC</subfield>
    <subfield code="d">2007-06-06</subfield>
    <subfield code="l">0</subfield>
    <subfield code="o">006.7 N666</subfield>
    <subfield code="p">6898</subfield>
    <subfield code="r">2024-08-24 12:18:40</subfield>
    <subfield code="t">3</subfield>
    <subfield code="w">2024-08-24</subfield>
    <subfield code="y">BOOK</subfield>
  </datafield>
  <datafield tag="952" ind1=" " ind2=" ">
    <subfield code="0">0</subfield>
    <subfield code="1">0</subfield>
    <subfield code="2">ddc</subfield>
    <subfield code="4">0</subfield>
    <subfield code="7">0</subfield>
    <subfield code="a">SEACOMEC</subfield>
    <subfield code="b">SEACOMEC</subfield>
    <subfield code="d">2007-06-06</subfield>
    <subfield code="l">0</subfield>
    <subfield code="o">006.7 N666</subfield>
    <subfield code="p">6899</subfield>
    <subfield code="r">2024-08-24 12:18:40</subfield>
    <subfield code="t">4</subfield>
    <subfield code="w">2024-08-24</subfield>
    <subfield code="y">BOOK</subfield>
  </datafield>
  <datafield tag="999" ind1=" " ind2=" ">
    <subfield code="c">1630</subfield>
    <subfield code="d">1630</subfield>
  </datafield>
</record>
